Wireless Broadband Networks Handbook : 3G, LMDS, and Wireless Internet /

Na minha lista:
Detalhes bibliográficos
Autor principal: Vacca, John R. (autor)
Formato: Livro
Idioma:inglês
Publicado em: Nueva York, EUA : McGraw-Hill, 2001, c2001
Assuntos:
Tags: Adicionar Tag
Sem tags, seja o primeiro a adicionar uma tag!

MARC

LEADER 00000nam^a2200000^a^4500
001 000136642
005 20250521000000.0
009 20260310095326.287
020 |a 0-07-213031-8 
037 |a Acervo ITESO - Biblioteca 
041 |a ING 
082 |a 621. 38456  |b VAC 
100 |a Vacca, John R.  |e (autor) 
245 1 0 |a Wireless Broadband Networks Handbook :  |b 3G, LMDS, and Wireless Internet /  |c J.R. Vacca. 
264 4 |a Nueva York, EUA :  |b McGraw-Hill,  |c 2001, c2001 
300 |a XXX, 960 p. 
336 |a texto  |b txt  |2 rdacontenido 
337 |a sin mediación  |b n  |2 rdamedio 
338 |a volumen  |b nc  |2 rdasoporte 
649 |a XX 
650 |a Internet 
650 |a Telecomunicaciones 
650 |a Comunicación en Red 
650 |a Teléfono Inalámbrico 
650 |a Radio -  |x Transmisores y Transmisión 
650 |a Telefonía Celular -  |x Aspectos Tecnológicos 
650 |a Satélites 
650 |a Comunicaciones y Tránsito 
650 |a Ingeniería Electrónica 
650 |a Ingeniería Computacional 
910 |a Fondo General 
920 |a Impresos - Libros 
930 |a Colección General 
905 |a 101 
901 |a 0500065235  |b IT1  |c ACC  |u 20250521 
902 |a https://opac.biblio.iteso.mx/vufind/Record/000136642